[Event "Hamburg St Pauli op-A"]
[Site "Hamburg"]
[Date "2015.07.21"]
[Round "5"]
[White "Ulvnes, Roar Nikolai"]
[Black "Ditmas, Hugh"]
[Result "1/2-1/2"]
[WhiteElo "2089"]
[BlackElo "1872"]
[PlyCount "140"]
[EventDate "2015.07.18"]
[EventType "swiss"]
[EventRounds "9"]
[EventCountry "GER"]
[SourceTitle "EXT 2016"]
[Source "ChessBase"]
[SourceDate "2015.10.08"]
[SourceVersion "1"]
[SourceVersionDate "2015.10.08"]
[SourceQuality "1"]

1. d4 Nf6 2. Nf3 e6 3. e3 b6 4. Bd3 Bb7 5. Nbd2 c5 6. b3 Nc6 7. Bb2 Be7 8. a3 d5 9. 0-0 0-0 10. Qe2 Qc7 11. Rac1 Rfd8 12. Rfd1 Rac8 13. c4 cxd4 14. exd4 dxc4 15. bxc4 Qf4 16. Qe3 Qxe3 17. fxe3 Bf8 18. h3 Ne7 19. Kf1 Ng6 20. Ke2 Be7 21. g4 Nd7 22. Ne4 Nh4 23. Nxh4 Bxe4 24. Bxe4 Bxh4 25. Bd3 Bg5 26. Ra1 g6 27. a4 Re8 28. a5 Rc7 29. axb6 Nxb6 30. Rdc1 Rec8 31. c5 Nd5 32. Ra4 Bxe3 33. Rc2 Bg5 34. Ba6 Rb8 35. Ba3 Rb3 36. Rcc4 Rxh3 37. Bb4 Nf4+ 38. Kd1 Rh1+ 39. Kc2 Rh2+ 40. Kb3 Nd5 41. Ba5 Rh3+ 42. Kb2 Bf4 43. Bxc7 Bxc7 44. Bb7 Ne3 45. Rc1 a5 46. Rg1 Kg7 47. Raa1 Kf6 48. Rh1 Rxh1 49. Rxh1 Nxg4 50. Rxh7 Ne3 51. Bc6 Nf5 52. Be8 Ng7 53. Ba4 Nf5 54. Kc3 g5 55. Bd1 Ne3 56. Bh5 Nd5+ 57. Kb3 Kf5 58. Bxf7 g4 59. Bh5 g3 60. Bf3 Bf4 61. Rf7+ Kg5 62. Ka4 Be3 63. Kxa5 Bxd4 64. Kb5 Be5 65. c6 Kg6 66. Ra7 Kf5 67. Rf7+ Kg6 68. Rd7 Kg5 69. Bxd5 exd5 70. Rxd5 Kf4 1/2-1/2

[Event "Hamburg St Pauli op-A"]
[Site "Hamburg"]
[Date "2015.07.19"]
[Round "3"]
[White "Ulvnes, Roar Nikolai"]
[Black "Kahlert, Thomas"]
[Result "1/2-1/2"]
[WhiteElo "2089"]
[BlackElo "2220"]
[PlyCount "35"]
[EventDate "2015.07.18"]
[EventType "swiss"]
[EventRounds "9"]
[EventCountry "GER"]
[SourceTitle "EXT 2016"]
[Source "ChessBase"]
[SourceDate "2015.10.08"]
[SourceVersion "1"]
[SourceVersionDate "2015.10.08"]
[SourceQuality "1"]

1. d4 Nf6 2. Nf3 g6 3. Nc3 d5 4. Bf4 Bg7 5. e3 0-0 6. Be2 c5 7. Ne5 Nc6 8. Nxc6 bxc6 9. Na4 Nd7 10. Bg5 cxd4 11. exd4 c5 12. dxc5 Nxc5 13. Nxc5 Qa5+ 14. c3 Qxc5 15. Be3 Qd6 16. Qd2 Ba6 17. 0-0 Bxe2 18. Qxe2 1/2-1/2

[Event "Nordstrand CC-ch"]
[Site "Oslo"]
[Date "2015.04.09"]
[Round "9"]
[White "Moseng, Geir"]
[Black "Ulvnes, Roar Nikolai"]
[Result "0-1"]
[WhiteElo "2014"]
[BlackElo "2039"]
[PlyCount "92"]
[EventDate "2014.12.01"]
[EventType "tourn"]
[EventRounds "11"]
[EventCountry "NOR"]
[SourceTitle "EXT 2018"]
[Source "ChessBase"]
[SourceDate "2017.10.13"]
[SourceVersion "1"]
[SourceVersionDate "2017.10.13"]
[SourceQuality "1"]

1. d4 g6 2. c4 Bg7 3. e4 c5 4. d5 d6 5. Nc3 Nf6 6. f3 0-0 7. Bg5 a6 8. Qd2 Re8 9. Nge2 Qa5 10. a4 e6 11. Ra3 exd5 12. cxd5 Nbd7 13. Ng3 Qb4 14. a5 b5 15. axb6 Nxb6 16. Be2 Rb8 17. 0-0 Nc4 18. Bxc4 Qxc4 19. Bf4 Rd8 20. Rf2 Ne8 21. Bg5 Rd7 22. Nf1 Rdb7 23. Ne3 Qd4 24. Ned1 Rb4 25. Be3 Qc4 26. Re2 Rb3 27. Rxb3 Rxb3 28. Bf2 a5 29. Ne3 Qb4 30. Ncd1 Ba6 31. Qxb4 axb4 32. Rc2 Rd3 33. g3 Bd4 34. Rc1 Rd2 35. Ra1 Be2 36. Kg2 Bxd1 37. Nxd1 Bxf2 38. Nxf2 Rxb2 39. Ra8 Kf8 40. e5 Ke7 41. Ra7+ Kd8 42. Rxf7 dxe5 43. Rxh7 c4 44. Kf1 b3 45. Rh5 Rxf2+ 46. Kxf2 b2 0-1

[Event "Nordstrand CC-ch"]
[Site "Oslo"]
[Date "2014.12.01"]
[Round "1"]
[White "Tryggestad, Andreas Garberg"]
[Black "Ulvnes, Roar Nikolai"]
[Result "1-0"]
[WhiteElo "2069"]
[BlackElo "2039"]
[PlyCount "111"]
[EventDate "2014.12.01"]
[EventType "tourn"]
[EventRounds "11"]
[EventCountry "NOR"]
[SourceTitle "EXT 2018"]
[Source "ChessBase"]
[SourceDate "2017.10.13"]
[SourceVersion "1"]
[SourceVersionDate "2017.10.13"]
[SourceQuality "1"]

1. d4 Nf6 2. c4 g6 3. Nc3 Bg7 4. e4 d6 5. Bd3 Nbd7 6. Nge2 c5 7. d5 Ne5 8. f4 Nxd3+ 9. Qxd3 0-0 10. 0-0 a6 11. a4 Rb8 12. Bd2 Bd7 13. h3 b5 14. axb5 axb5 15. Nxb5 Bxb5 16. cxb5 c4 17. Qe3 Rxb5 18. Bc3 Rb7 19. g4 Qc8 20. Ng3 Rb3 21. Qf2 Nd7 22. Ne2 Bxc3 23. bxc3 Nc5 24. Qd4 Rb2 25. Qe3 Qb7 26. Nd4 Ra8 27. Rxa8+ Qxa8 28. Nc6 Qa2 29. Qf3 Kf8 30. f5 g5 31. f6 exf6 32. Nb4 Qa7 33. Nc6 Qa2 34. e5 dxe5 35. Nxe5 Qa7 36. Nc6 Qa2 37. d6 Nd7 38. Nb4 Qa7+ 39. Kh1 Rd2 40. Nd5 Qa2 41. Qe4 Rh2+ 42. Kg1 Rxh3 43. Qg2 Qxg2+ 44. Kxg2 Rd3 45. Rf5 Kg7 46. Kf2 h6 47. Ke2 Rg3 48. Ne3 Kg6 49. Rb5 h5 50. Rb7 Nf8 51. gxh5+ Kxh5 52. d7 Ne6 53. Rb8 f5 54. Nxf5 Rd3 55. Nd4 Nf4+ 56. Kf2 1-0

[Event "Hamburg St Pauli op-A"]
[Site "Hamburg"]
[Date "2014.07.19"]
[Round "1"]
[White "Ulvnes, Roar Nikolai"]
[Black "Feuerstack, Aljoscha"]
[Result "0-1"]
[WhiteElo "2045"]
[BlackElo "2453"]
[PlyCount "48"]
[EventDate "2014.07.19"]
[EventType "swiss"]
[EventRounds "9"]
[EventCountry "GER"]
[SourceTitle "CBM 161 Extra"]
[Source "ChessBase"]
[SourceDate "2014.08.29"]
[SourceVersion "1"]
[SourceVersionDate "2014.08.29"]
[SourceQuality "1"]

1. d4 Nf6 2. Nf3 d5 3. e3 Bf5 4. Bd3 Bg6 5. c4 e6 6. Nc3 c6 7. Ne5 Nbd7 8. Nxg6 hxg6 9. g3 Be7 10. 0-0 Qc7 11. Bd2 dxc4 12. Bxc4 0-0-0 13. Rc1 Kb8 14. e4 Ka8 15. Be3 Nb6 16. Bb3 e5 17. d5 Qd7 18. f3 cxd5 19. Bxb6 axb6 20. Na4 Ka7 21. exd5 Nxd5 22. Rf2 Bg5 23. f4 exf4 24. Rd2 f3 0-1

[Event "Oslo Nordstrand op"]
[Site "Oslo"]
[Date "2013.04.13"]
[Round "2"]
[White "Gronn, Atle"]
[Black "Ulvnes, Roar Nikolai"]
[Result "1-0"]
[WhiteElo "2386"]
[BlackElo "2030"]
[PlyCount "79"]
[EventDate "2013.04.12"]
[EventType "swiss"]
[EventRounds "5"]
[EventCountry "NOR"]
[SourceTitle "CBM 154 Extra"]
[Source "ChessBase"]
[SourceDate "2013.06.25"]
[SourceVersion "2"]
[SourceVersionDate "2013.06.25"]
[SourceQuality "1"]

1. Nf3 Nf6 2. c4 g6 3. g3 Bg7 4. Bg2 0-0 5. d4 c5 6. Nc3 Nc6 7. d5 Na5 8. Nd2 d6 9. 0-0 Bd7 10. Qc2 a6 11. b3 b5 12. Bb2 bxc4 13. bxc4 Rb8 14. Nd1 Bh6 15. Bc3 Qc7 16. e4 Rb7 17. f4 Rfb8 18. Ne3 Nh5 19. Bf3 Ng7 20. Ng4 Bxg4 21. Bxg4 Ne8 22. Qa4 Rb4 23. Bxb4 cxb4 24. Rac1 Bg7 25. Nb3 Nxc4 26. Qxa6 Bc3 27. Be2 Na3 28. Rf3 Qb6+ 29. Qxb6 Rxb6 30. Rcxc3 bxc3 31. Rxc3 Nf6 32. Bd3 Rb4 33. Na5 Nb1 34. Rc8+ Kg7 35. Nc6 Rb2 36. Nxe7 Nd2 37. Rc2 Rb1+ 38. Kg2 Ndxe4 39. a4 Nc5 40. Rxc5 1-0

[Event "Fagernes Norsk op-A"]
[Site "Fagernes"]
[Date "2011.04.23"]
[Round "9"]
[White "Gyldenas, Ole Jorn"]
[Black "Ulvnes, Roar Nikolai"]
[Result "1/2-1/2"]
[WhiteElo "2053"]
[BlackElo "2004"]
[PlyCount "37"]
[EventDate "2011.04.17"]
[EventType "swiss"]
[EventRounds "9"]
[EventCountry "NOR"]
[SourceTitle "CBM 141 Extra"]
[Source "ChessBase"]
[SourceDate "2011.05.03"]
[SourceVersion "1"]
[SourceVersionDate "2011.05.03"]
[SourceQuality "1"]

1. d4 Nf6 2. c4 c5 3. Nf3 g6 4. g3 Bg7 5. Bg2 cxd4 6. Nxd4 Nc6 7. 0-0 Qb6 8. Nb3 d6 9. Nc3 0-0 10. Nd5 Nxd5 11. cxd5 Ne5 12. Be3 Qa6 13. Bd4 Bg4 14. f3 Bd7 15. f4 Ng4 16. Bxg7 Kxg7 17. Qd4+ Kg8 18. h3 Nf6 19. e4 1/2-1/2

[Event "Fagernes Norsk op-A"]
[Site "Fagernes"]
[Date "2011.04.17"]
[Round "2"]
[White "Bue, Gunnar"]
[Black "Ulvnes, Roar Nikolai"]
[Result "0-1"]
[WhiteElo "1821"]
[BlackElo "2004"]
[PlyCount "70"]
[EventDate "2011.04.17"]
[EventType "swiss"]
[EventRounds "9"]
[EventCountry "NOR"]
[SourceTitle "CBM 141 Extra"]
[Source "ChessBase"]
[SourceDate "2011.05.03"]
[SourceVersion "1"]
[SourceVersionDate "2011.05.03"]
[SourceQuality "1"]

1. d4 Nf6 2. c4 c5 3. e3 g6 4. Nf3 Bg7 5. Nc3 0-0 6. Be2 cxd4 7. exd4 d5 8. cxd5 Nxd5 9. 0-0 Nc6 10. Nxd5 Qxd5 11. Be3 Rd8 12. Qa4 Nxd4 13. Nxd4 Bxd4 14. Rfd1 e5 15. Rd2 Bd7 16. Qd1 Bc6 17. Bf3 Qc5 18. Bxc6 bxc6 19. Rc1 Qb6 20. Bxd4 Rxd4 21. Rxd4 exd4 22. Qc2 Rc8 23. b3 c5 24. Kf1 Qd6 25. g3 Qd5 26. Kg1 Re8 27. Qd3 Re5 28. Rd1 Qe6 29. Kf1 Qh3+ 30. Kg1 Rh5 31. Qe4 Qxh2+ 32. Kf1 Qh1+ 33. Qxh1 Rxh1+ 34. Ke2 Rxd1 35. Kxd1 a5 0-1

[Event "Fagernes Norsk op-A"]
[Site "Fagernes"]
[Date "2011.04.17"]
[Round "6"]
[White "Gvein, Kenneth"]
[Black "Ulvnes, Roar Nikolai"]
[Result "1/2-1/2"]
[WhiteElo "2169"]
[BlackElo "2004"]
[PlyCount "132"]
[EventDate "2011.04.17"]
[EventType "swiss"]
[EventRounds "9"]
[EventCountry "NOR"]
[SourceTitle "CBM 141 Extra"]
[Source "ChessBase"]
[SourceDate "2011.05.03"]
[SourceVersion "1"]
[SourceVersionDate "2011.05.03"]
[SourceQuality "1"]

1. e4 c5 2. Nc3 Nc6 3. f4 g6 4. Nf3 Bg7 5. Bb5 Nd4 6. 0-0 Nxb5 7. Nxb5 d5 8. e5 a6 9. Nc3 Nh6 10. d4 c4 11. h3 e6 12. g4 b5 13. Ne2 Ng8 14. Ng3 Ne7 15. c3 Bd7 16. Qe2 Qb6 17. Bd2 a5 18. Rae1 b4 19. f5 gxf5 20. Bg5 Bf8 21. Nh5 0-0-0 22. Bf6 Rg8 23. Ng5 fxg4 24. hxg4 Be8 25. Nxh7 Qa7 26. Nxf8 Rxf8 27. Qd2 Rg8 28. g5 Rd7 29. Bxe7 Rxe7 30. Nf6 Rh8 31. Kg2 Rb7 32. Rh1 bxc3 33. Qxc3 Rf8 34. Rc1 Qb6 35. b3 Bc6 36. Rhd1 Qb4 37. Kg3 Bb5 38. bxc4 Bxc4 39. Ne4 Qxc3+ 40. Rxc3 dxe4 41. Rxc4+ Kd7 42. Rf1 Kd8 43. Kf4 Rg8 44. Rc5 Rd7 45. Rxa5 Ke7 46. Ra4 e3 47. Kxe3 Rxg5 48. Rb4 Rg3+ 49. Rf3 Rxf3+ 50. Kxf3 Ra7 51. a4 f6 52. exf6+ Kxf6 53. Ke4 Ra5 54. Kd3 Ke7 55. Kc4 Ra7 56. Kc5 Kd7 57. Kb6 Ra8 58. Rc4 Kd6 59. a5 Rb8+ 60. Ka7 Rb5 61. a6 Kd7 62. Ra4 Kc7 63. Ra2 Rb4 64. Rd2 Kd6 65. Rd1 Kd5 66. Rd2 Kd6 1/2-1/2

[Event "Fagernes Norsk op-A"]
[Site "Fagernes"]
[Date "2011.04.17"]
[Round "3"]
[White "Ulvnes, Roar Nikolai"]
[Black "Ofstad, Per"]
[Result "1/2-1/2"]
[WhiteElo "2004"]
[BlackElo "2194"]
[PlyCount "56"]
[EventDate "2011.04.17"]
[EventType "swiss"]
[EventRounds "9"]
[EventCountry "NOR"]
[SourceTitle "CBM 141 Extra"]
[Source "ChessBase"]
[SourceDate "2011.05.03"]
[SourceVersion "1"]
[SourceVersionDate "2011.05.03"]
[SourceQuality "1"]

1. d4 d5 2. Nf3 Nf6 3. e3 e6 4. Bd3 c5 5. b3 Nc6 6. 0-0 Bd7 7. Bb2 Rc8 8. Nbd2 Qb6 9. c4 cxd4 10. exd4 Be7 11. Ne5 0-0 12. Nxd7 Nxd7 13. c5 Qc7 14. Re1 Bf6 15. Nf3 Nxc5 16. dxc5 Bxb2 17. Bxh7+ Kxh7 18. Qc2+ g6 19. Qxb2 Qf4 20. Rad1 Rh8 21. Rd3 Kg8 22. h3 Qh6 23. Qf6 Qg7 24. Rxe6 fxe6 25. Qxe6+ Kh7 26. Ng5+ Kh6 27. Nf7+ Kh7 28. Ng5+ Kh6 1/2-1/2

[Event "Dresden ZMD op"]
[Site "Dresden"]
[Date "2010.07.17"]
[Round "8"]
[White "Juergens, Klaus"]
[Black "Ulvnes, Roar Nikolai"]
[Result "1-0"]
[WhiteElo "2142"]
[BlackElo "1992"]
[PlyCount "52"]
[EventDate "2010.07.10"]
[EventType "swiss"]
[EventRounds "9"]
[EventCountry "GER"]
[SourceTitle "CBM 137 Extra"]
[Source "ChessBase"]
[SourceDate "2010.09.01"]
[SourceVersion "1"]
[SourceVersionDate "2010.09.01"]
[SourceQuality "1"]

1. Nf3 g6 2. c4 Bg7 3. e4 c5 4. d4 cxd4 5. Nxd4 Nc6 6. Be3 Nf6 7. Nc3 d6 8. Be2 0-0 9. 0-0 Bd7 10. f3 Nxd4 11. Bxd4 a5 12. c5 dxc5 13. Bxc5 Rc8 14. Be3 Qc7 15. Rc1 Qb8 16. Qb3 Rfd8 17. Rfd1 Bc6 18. Nb5 Nh5 19. Bc4 Rf8 20. Na7 Be5 21. Nxc8 Bxh2+ 22. Kh1 Rxc8 23. Bxf7+ Kg7 24. Be6 a4 25. Qb4 Bd6 26. Rxd6 exd6 1-0

[Event "Dresden ZMD op"]
[Site "Dresden"]
[Date "2009.07.31"]
[Round "7"]
[White "Ulvnes, Roar Nikolai"]
[Black "Hutschenreiter, Joerg"]
[Result "1-0"]
[WhiteElo "1997"]
[BlackElo "2127"]
[PlyCount "43"]
[EventDate "2009.07.25"]
[EventType "swiss"]
[EventRounds "9"]
[EventCountry "GER"]
[SourceTitle "CBM 131 Extra"]
[Source "ChessBase"]
[SourceDate "2009.09.03"]
[SourceVersion "2"]
[SourceVersionDate "2009.09.16"]
[SourceQuality "1"]

1. e4 c5 2. Nf3 d6 3. d4 cxd4 4. Nxd4 Nf6 5. Nc3 a6 6. Bg5 e6 7. f4 Be7 8. Qf3 Qc7 9. 0-0-0 Nbd7 10. Bd3 h6 11. Bh4 b5 12. e5 Bb7 13. Nxe6 fxe6 14. Bg6+ Kd8 15. Qh3 Qc4 16. exf6 Qxf4+ 17. Kb1 Bxf6 18. a3 Qc4 19. Bxf6+ gxf6 20. Rhe1 Nc5 21. Rxd6+ Kc7 22. Bd3 1-0

[Event "Oslo Sveins op 2nd"]
[Site "Oslo"]
[Date "2009.06.23"]
[Round "8"]
[White "Ulvnes, Roar Nikolai"]
[Black "Tari, Aryan"]
[Result "1-0"]
[WhiteElo "1991"]
[BlackElo "1873"]
[PlyCount "51"]
[EventDate "2009.06.19"]
[EventType "swiss"]
[EventRounds "9"]
[EventCountry "NOR"]
[SourceTitle "CBM 130 Extra"]
[Source "ChessBase"]
[SourceDate "2009.07.02"]
[SourceVersion "2"]
[SourceVersionDate "2009.07.15"]
[SourceQuality "1"]

1. e4 c5 2. Nf3 d6 3. d4 cxd4 4. Nxd4 Nf6 5. Nc3 a6 6. Bg5 e6 7. f4 Be7 8. Qf3 Qc7 9. 0-0-0 Nbd7 10. g4 b5 11. Bxf6 gxf6 12. a3 Bb7 13. f5 e5 14. Nb3 Nb6 15. Na5 0-0-0 16. Nxb7 Qxb7 17. Nd5 Nxd5 18. Rxd5 Kb8 19. Qb3 Ka7 20. a4 bxa4 21. Qxa4 Kb6 22. Qa5+ Kc6 23. Bxa6 Qb6 24. Qc3+ Qc5 25. Rxc5+ dxc5 26. Qc4 1-0

[Event "Oslo Sveins op 2nd"]
[Site "Oslo"]
[Date "2009.06.21"]
[Round "3"]
[White "Nyland, Thomas"]
[Black "Ulvnes, Roar Nikolai"]
[Result "1/2-1/2"]
[WhiteElo "2153"]
[BlackElo "1991"]
[PlyCount "50"]
[EventDate "2009.06.19"]
[EventType "swiss"]
[EventRounds "9"]
[EventCountry "NOR"]
[SourceTitle "CBM 130 Extra"]
[Source "ChessBase"]
[SourceDate "2009.07.02"]
[SourceVersion "2"]
[SourceVersionDate "2009.07.15"]
[SourceQuality "1"]

1. d4 Nf6 2. c4 c5 3. d5 b5 4. cxb5 a6 5. bxa6 g6 6. Nc3 Bxa6 7. e4 Bxf1 8. Kxf1 d6 9. g3 Bg7 10. Kg2 0-0 11. Nf3 Nbd7 12. Re1 Ng4 13. Re2 Qa5 14. Rc2 Nge5 15. Nxe5 Nxe5 16. f4 Nc4 17. Qd3 Qb4 18. b3 Na3 19. Bxa3 Rxa3 20. Re1 c4 21. Qd2 cxb3 22. axb3 Rc8 23. e5 Rxb3 24. Na2 Rxc2 25. Qxc2 Qxe1 1/2-1/2

[Event "Oslo ASKO Pinseturnering-A"]
[Site "Oslo"]
[Date "2009.05.30"]
[Round "1"]
[White "Johansen, Pal Hermunn"]
[Black "Ulvnes, Roar Nikolai"]
[Result "1/2-1/2"]
[WhiteElo "1557"]
[BlackElo "1890"]
[PlyCount "46"]
[EventDate "2009.05.30"]
[EventType "swiss"]
[EventRounds "6"]
[EventCountry "NOR"]
[SourceTitle "EXT 2011"]
[Source "ChessBase"]
[SourceDate "2010.11.26"]
[SourceVersion "1"]
[SourceVersionDate "2010.11.26"]
[SourceQuality "1"]

1. e4 c5 2. Nf3 d6 3. d4 cxd4 4. Nxd4 Nf6 5. Nc3 g6 6. Be2 Bg7 7. 0-0 Nc6 8. Be3 0-0 9. Qd2 Ng4 10. Bxg4 Bxg4 11. Nxc6 bxc6 12. Bh6 Bxh6 13. Qxh6 Qb6 14. Rab1 Rab8 15. Qg5 Be6 16. Qxe7 Qc5 17. Rfd1 Rfd8 18. Qf6 d5 19. exd5 Bxd5 20. Qd4 Qa5 21. Qa4 Qxa4 22. Nxa4 Bxa2 23. Ra1 Be6 1/2-1/2

[Event "Knut Bockman Cup"]
[Site "Oslo"]
[Date "2009.04.10"]
[Round "7"]
[White "Getz, Nicolai"]
[Black "Ulvnes, Roar Nikolai"]
[Result "1-0"]
[WhiteElo "2205"]
[BlackElo "1991"]
[PlyCount "43"]
[EventDate "2009.04.06"]
[EventType "swiss"]
[EventRounds "9"]
[EventCountry "NOR"]
[SourceTitle "CBM 129 Extra"]
[Source "ChessBase"]
[SourceDate "2009.05.05"]
[SourceVersion "2"]
[SourceVersionDate "2009.05.20"]
[SourceQuality "1"]

1. e4 c5 2. Nf3 d6 3. d4 cxd4 4. Nxd4 Nf6 5. Nc3 g6 6. Be2 Bg7 7. 0-0 Nc6 8. Nb3 0-0 9. Be3 Be6 10. f4 Rc8 11. Bf3 Nd7 12. Qe1 Na5 13. Rd1 Nc4 14. Bc1 b5 15. Nd4 Qb6 16. Qf2 b4 17. Na4 Qa5 18. Nxe6 fxe6 19. Bg4 Rf6 20. b3 Rc7 21. Qe2 e5 22. Bxd7 1-0

[Event "Knut Bockman Cup"]
[Site "Oslo"]
[Date "2009.04.06"]
[Round "1"]
[White "Nomat, Emil Lion"]
[Black "Ulvnes, Roar Nikolai"]
[Result "1/2-1/2"]
[WhiteElo "1830"]
[BlackElo "1991"]
[PlyCount "33"]
[EventDate "2009.04.06"]
[EventType "swiss"]
[EventRounds "9"]
[EventCountry "NOR"]
[SourceTitle "CBM 129 Extra"]
[Source "ChessBase"]
[SourceDate "2009.05.05"]
[SourceVersion "2"]
[SourceVersionDate "2009.05.20"]
[SourceQuality "1"]

1. e4 c5 2. Nf3 d6 3. d4 cxd4 4. Nxd4 Nf6 5. Nc3 g6 6. Be3 Bg7 7. f3 Nc6 8. Qd2 0-0 9. 0-0-0 d5 10. Nxc6 bxc6 11. Bc4 e6 12. Bb3 Qc7 13. exd5 Nxd5 14. Nxd5 cxd5 15. Bh6 a5 16. Bxg7 Kxg7 17. c3 1/2-1/2